000 00856nam a2200265 a 4500
008
020 _z47145480x (cased)
049 _aMAIN
090 0 _aHF5548.85
_bKAR
245 0 0 _aOrganizational stress :
_bstudies in role conflict and ambiguity /
_cRobert L. Kahn [and others] in collaboration with Robert A. Rosenthal.
260 _aNew York :
_bWiley,
_c1964
300 _axii, 470 p. :
_bill. ;
_c24 cm.
504 _aIncludes biliographical references.
500 _aIncludes index.
650 0 _aPsychology, Industrial.
650 0 _aStress (Psychology).
650 0 _aInterpersonal relations.
650 0 _aOrganization.
700 1 _aKahn, Robert Louis.
907 _a.b10107332
_b16-04-12
_c22-01-04
003
005 20230123133607.0
040 _cNUST
942 _cBOOKS
_kHF5548.85
_mKAR
999 _c151294
_d151294